Dynamic Macroeconomic Analysis: Theory and Policy in General Equilibrium (Record no. 5752)

MARC details
005 - DATE AND TIME OF LATEST TRANSACTION
control field 20250627163108.0
020 ## - INTERNATIONAL STANDARD BOOK NUMBER
International Standard Book Number 978-0-521-82668-6
082 ## - DEWEY DECIMAL CLASSIFICATION NUMBER
Classification number 339.5 ALT
100 ## - MAIN ENTRY--PERSONAL NAME
Author name ALTUG, S.
245 ## - TITLE STATEMENT
Title Dynamic Macroeconomic Analysis: Theory and Policy in General Equilibrium
260 ## - PUBLICATION, DISTRIBUTION, ETC.
Place of publication, distribution, etc. United State,
Name of publisher, distributor, etc. Cambridge University Press,
Date of publication, distribution, etc. 2003.
300 ## - PHYSICAL DESCRIPTION
Extent xxvii, 576p.; ill.; figure
Other physical details Index,
Dimensions 24cm
942 ## - ADDED ENTRY ELEMENTS (KOHA)
Source of classification or shelving scheme Dewey Decimal Classification
Koha item type Books
Holdings
Date last seen Total checkouts Full call number Barcode Cost, replacement price Price effective from Koha item type Lost status Source of classification or shelving scheme Damaged status Not for loan Withdrawn status Home library Current library Shelving location Date acquired Cost, normal purchase price
06/27/2025   339.5 ALT DOM0003395 255000.00 06/27/2025 Books   Dewey Decimal Classification       CBE Dodoma CBE Dodoma General Collection 06/02/2009 85000.00